|
|
|
|
| LEADER |
02935nam a22004695i 4500 |
| 001 |
978-3-642-29770-0 |
| 003 |
DE-He213 |
| 005 |
20150520201205.0 |
| 007 |
cr nn 008mamaa |
| 008 |
121026s2013 gw | s |||| 0|eng d |
| 020 |
|
|
|a 9783642297700
|9 978-3-642-29770-0
|
| 024 |
7 |
|
|a 10.1007/978-3-642-29770-0
|2 doi
|
| 040 |
|
|
|d GrThAP
|
| 050 |
|
4 |
|a GA1-1776
|
| 072 |
|
7 |
|a RGW
|2 bicssc
|
| 072 |
|
7 |
|a SCI030000
|2 bisacsh
|
| 072 |
|
7 |
|a TEC036000
|2 bisacsh
|
| 082 |
0 |
4 |
|a 910.285
|2 23
|
| 245 |
1 |
0 |
|a Understanding Different Geographies
|h [electronic resource] /
|c edited by Karel Kriz, William Cartwright, Michaela Kinberger.
|
| 264 |
|
1 |
|a Berlin, Heidelberg :
|b Springer Berlin Heidelberg :
|b Imprint: Springer,
|c 2013.
|
| 300 |
|
|
|a IX, 252 p. 131 illus., 100 illus. in color.
|b online resource.
|
| 336 |
|
|
|a text
|b txt
|2 rdacontent
|
| 337 |
|
|
|a computer
|b c
|2 rdamedia
|
| 338 |
|
|
|a online resource
|b cr
|2 rdacarrier
|
| 347 |
|
|
|a text file
|b PDF
|2 rda
|
| 490 |
1 |
|
|a Lecture Notes in Geoinformation and Cartography,
|x 1863-2246
|
| 505 |
0 |
|
|a From the Contents: Maps and Design -- Cartography utilizing Geo-Communication -- Understanding different geographies: the case for drawings and sketches -- Artefacts and geospaces -- Understanding Artefacts through Geographies – Perceiving Geographies through Artefacts -- Harriet Edquist and Lisa Byrne: Understanding Place -- When countries become gods – some thoughts on the geospatial aspect of deities and demons in India -- Exhibitions and Geospace -- Potential Information Gains for Exhibition Makers and their audience in Mapping the Movement of Objects -- Representations and Geospace -- The Geography of Uncertainty: Outcomes Spaces and Uncertainty Visualization.
|
| 520 |
|
|
|a This book collects revised versions of papers first delivered at the “Understanding Different Geographies Symposium” held in Puchberg am Schneeberg, Austria in 2011. The Symposium focussed on “Communicating Meaning with [Geo]Graphic Artefacts”. The general topics of the chapters cover: - Exploring geographic knowledge - Maps in exhibition spaces - Information and exhibition design with (geo)graphic artefacts - Extracting meaning from visualisations of different geographies - Deconstructing maps of information - and other spaces.
|
| 650 |
|
0 |
|a Geography.
|
| 650 |
|
0 |
|a Geographical information systems.
|
| 650 |
1 |
4 |
|a Geography.
|
| 650 |
2 |
4 |
|a Geographical Information Systems/Cartography.
|
| 700 |
1 |
|
|a Kriz, Karel.
|e editor.
|
| 700 |
1 |
|
|a Cartwright, William.
|e editor.
|
| 700 |
1 |
|
|a Kinberger, Michaela.
|e editor.
|
| 710 |
2 |
|
|a SpringerLink (Online service)
|
| 773 |
0 |
|
|t Springer eBooks
|
| 776 |
0 |
8 |
|i Printed edition:
|z 9783642297694
|
| 830 |
|
0 |
|a Lecture Notes in Geoinformation and Cartography,
|x 1863-2246
|
| 856 |
4 |
0 |
|u http://dx.doi.org/10.1007/978-3-642-29770-0
|z Full Text via HEAL-Link
|
| 912 |
|
|
|a ZDB-2-EES
|
| 950 |
|
|
|a Earth and Environmental Science (Springer-11646)
|